000 00540nam a2200181Ia 4500
999 _c5632
_d5632
003 OSt
005 20200114131513.0
008 190216s9999||||xx |||||||||||||| ||und||
020 _a8170141133
040 _coclc
082 _a657.42
_bSAX/A
100 _aSaxena, V K
_91186
245 0 _aAdvanced Cost And Management Accounting /
_cV K Saxena ; C D Vashist
260 _bSulthan Chand & Sons,
_c1997.
_aNew Delhi:
300 _a1993p
650 _aCost Accounting
942 _cBK
_2ddc
_h657.42
_iSAX/A
_k657.42
_mSAX/A